Most Prosperous Countries - Statistics

General Stats
  • This quiz has been taken 51 times
  • The average score is 18 of 20
Answer Stats
Hint Answer % Correct
5 Canada
100%
3 Finland
100%
2 Norway
100%
8 Sweden
100%
6 Australia
98%
10 United Kingdom
98%
17 United States
98%
9 Denmark
96%
1 New Zealand
96%
4 Switzerland
93%
18 France
91%
14 Iceland
89%
7 The Netherlands
89%
15 Austria
87%
11 Germany
87%
13 Ireland
87%
16 Belgium
80%
12 Luxembourg
78%
19 Singapore
74%
20 Slovenia
26%
No matching quizzes found
Score Distribution
Percent of People with Each Score
Percentile by Number Answered
Your Score History
You have not taken this quiz